000 00354nam a2200145 i 4500
001 bg
100 1 _aCYUNEL, Bogdan
245 0 _aTechnologia i organizacja budownictwa drogowego /
_cB. Cyunel.
260 _aWarszawa,
_c1986.
040 _cBPK
041 _apol
080 _a625.7/.8(075.8)
942 _cKS
008 s pl f |000 0 pol
999 _c3037
_d3037
856 _uhttp://koha.tu.koszalin.pl/cgi-bin/koha/opac-detail.pl?biblionumber=3037
_yKatalog online BPK